ROTAMIZ MESSİ (Record no. 1162223)
[ view plain ]
| 000 -LEADER | |
|---|---|
| sabit uzunluktaki kontrol alanı | 00235nam a2200097Ia 4500 |
| 001 - KONTROL NUMARASI | |
| kontrol alanı | 1162223 |
| 005 - EN SON İŞLEMİN TARİH VE ZAMANI | |
| kontrol alanı | 20250827011640.0 |
| 008 - SABİT-UZUNLUKTA VERİ ÖĞELERİ--GENEL BİLGİ | |
| sabit uzunluktaki kontrol alanı | 250824s9999 xx 000 0 und d |
| 245 #0 - ESER / YAZAR | |
| ESER ADI | ROTAMIZ MESSİ |
| Yazar Adı | HÜSEYİN TOY |
| 260 ## - YAYIN, DAĞITIM, VB. | |
| YAYIN EVİ | GENÇ HAYAT |
| Düşüm durumu | Kayıp durumu | Hasar Durumu | Ödünç verilmez | Ana kütüphane | Geçerli Kütüphane | Edinilen tarih | Toplam ödünç verme sayısı | Barkod | İade tarihi | Son görüntüleme tarihi | Son ödünç verme tarihi | Fiyatın geçerli olmaya başladığı tarih | Koha materyal türü | Sınıflandırma Kaynağı veya raf şeması | Tam yer numarası |
|---|---|---|---|---|---|---|---|---|---|---|---|---|---|---|---|
| BORSA İSTANBUL ORTAOKULU | BORSA İSTANBUL ORTAOKULU | 24.08.2025 | 2 | 10317172 | 21.03.2026 | 06.03.2026 | 06.03.2026 | 27.08.2025 | Books | ||||||
| MAREŞAL MUSTAFA KEMAL ORTAOKULU | MAREŞAL MUSTAFA KEMAL ORTAOKULU | 16.12.2025 | 1 | 106518158 | 31.12.2025 | 16.12.2025 | 16.12.2025 | 16.12.2025 | Books | Dewey Ondalık Sınıflama | W22 |